000 00470nam a22001697a 4500
999 _c26409
_d26409
003 BDDh-ASL
005 20231015030636.0
008 211008s1813 xx ||||| |||| 00| 0 u d
040 _aBDDh-ASL
_cBDDh-ASL
082 _a297.23
_bHAB
100 1 _94879
_aHaq, Fayazul
245 1 0 _aBehesht Nameh : / بہشت نامہ
260 _bSalimur Rahman ,
_c1235 H. / 1813.
300 _a52 p. :
_c24 cm.
650 0 _91652
_aIslam
_xIslamic Discourse
942 _2ddc
_cBK